[Event "IND-chT 33rd"]
[Site "Hyderabad"]
[Date "2013.02.23"]
[Round "4.4"]
[White "Harikrishna, SR."]
[Black "Sriram, Jha"]
[Result "0-1"]
[WhiteElo "2051"]
[BlackElo "2426"]
[PlyCount "102"]
[EventDate "2013.02.20"]
[EventType "team-swiss"]
[EventRounds "9"]
[EventCountry "IND"]
[SourceTitle "CBM 153 Extra"]
[Source "ChessBase"]
[SourceDate "2013.04.22"]
[SourceVersion "1"]
[SourceVersionDate "2013.04.22"]
[SourceQuality "1"]
[WhiteTeam "Kerala"]
[BlackTeam "LIC of India"]
[WhiteTeamCountry "IND"]
[BlackTeamCountry "IND"]

1. d4 Nf6 2. c4 e6 3. g3 d5 4. Nf3 Bb4+ 5. Bd2 Be7 6. Bg2 0-0 7. 0-0 c6 8. Qc2 Nbd7 9. Bf4 b6 10. Nc3 dxc4 11. Nd2 Nd5 12. Nxc4 Nxf4 13. gxf4 Bb7 14. Rad1 Qc7 15. e3 Rac8 16. Rd2 Qb8 17. Rfd1 Nf6 18. Qb3 Nd5 19. Ne5 Rc7 20. Rc2 Rfc8 21. Nxd5 cxd5 22. Rdc1 Bd6 23. Bf1 f6 24. Bh3 fxe5 25. Bxe6+ Kf8 26. fxe5 Rxc2 27. Rxc2 Rxc2 28. Qxc2 Bxe5 29. dxe5 Qxe5 30. Qf5+ Qxf5 31. Bxf5 h6 32. Kf1 Ke7 33. Ke2 Kf6 34. Bh3 g5 35. Kd3 Ke5 36. b4 Ba6+ 37. Kc3 h5 38. Bg2 h4 39. Bf3 Bc8 40. Bg2 Bf5 41. f3 Bd7 42. Bf1 d4+ 43. exd4+ Kf4 44. Be2 Ke3 45. Bd1 h3 46. d5 Kf2 47. Kd4 Kg2 48. f4 g4 49. Ke4 Kxh2 50. f5 Kg3 51. f6 h2 0-1

[Event "IND-chT 33rd"]
[Site "Hyderabad"]
[Date "2013.02.21"]
[Round "2.5"]
[White "Bakre, Tejas"]
[Black "Harikrishna, SR."]
[Result "1-0"]
[WhiteElo "2492"]
[BlackElo "2051"]
[PlyCount "49"]
[EventDate "2013.02.20"]
[EventType "team-swiss"]
[EventRounds "9"]
[EventCountry "IND"]
[SourceTitle "CBM 153 Extra"]
[Source "ChessBase"]
[SourceDate "2013.04.22"]
[SourceVersion "1"]
[SourceVersionDate "2013.04.22"]
[SourceQuality "1"]
[WhiteTeam "Air India"]
[BlackTeam "Kerala"]
[WhiteTeamCountry "IND"]
[BlackTeamCountry "IND"]

1. c4 Nf6 2. Nc3 g6 3. e4 d6 4. g3 Bg7 5. Bg2 0-0 6. Nge2 c5 7. 0-0 Nc6 8. d3 a6 9. h3 Rb8 10. a4 Ne8 11. Be3 Nc7 12. d4 cxd4 13. Nxd4 Nxd4 14. Bxd4 Bxd4 15. Qxd4 b5 16. cxb5 axb5 17. a5 b4 18. Nd5 Ne6 19. Qc4 Bd7 20. Rfc1 b3 21. a6 Bb5 22. Qc3 Nc5 23. a7 Ra8 24. e5 Nd3 25. Rd1 1-0

[Event "Chennai op 5th"]
[Site "Chennai"]
[Date "2013.01.18"]
[Round "6"]
[White "Kayumov, Dimitry"]
[Black "Harikrishna, SR."]
[Result "1-0"]
[WhiteElo "2415"]
[BlackElo "2043"]
[PlyCount "103"]
[EventDate "2013.01.16"]
[EventType "swiss"]
[EventRounds "11"]
[EventCountry "IND"]
[SourceTitle "CBM 152 Extra"]
[Source "ChessBase"]
[SourceDate "2013.02.25"]
[SourceVersion "1"]
[SourceVersionDate "2013.02.25"]
[SourceQuality "1"]

1. e4 c5 2. Nf3 d6 3. d4 cxd4 4. Nxd4 Nf6 5. Nc3 a6 6. Be2 e5 7. Nb3 Be7 8. 0-0 0-0 9. Re1 Be6 10. Bf3 a5 11. a4 Na6 12. Nd2 Nb4 13. Nf1 h6 14. Ne3 Rc8 15. Ncd5 Nfxd5 16. exd5 Bd7 17. c3 Na6 18. Be4 f5 19. Bc2 Qe8 20. Qe2 Bd8 21. Nc4 Rf6 22. f4 e4 23. Be3 Nc5 24. Bd4 Rg6 25. b3 b5 26. Nb2 Rg4 27. axb5 Bxb5 28. c4 Bd7 29. Qe3 Qg6 30. Re2 h5 31. Rd2 Qh6 32. Rf2 g5 33. fxg5 Bxg5 34. Qc3 Bd8 35. h3 Rg6 36. Raf1 Bb6 37. Kh1 h4 38. Be3 Qh7 39. Nd1 Rf8 40. Rf4 Rf7 41. Qd2 Rfg7 42. R4f2 Qh5 43. Bd4 Rf7 44. Nc3 Re7 45. Qd1 Qh6 46. Ne2 e3 47. Rf4 Qg5 48. Rg1 Ne4 49. Rxe4 fxe4 50. Bxb6 Bf5 51. Bd8 Bxh3 52. gxh3 1-0

[Event "Commonwealth-ch"]
[Site "Chennai"]
[Date "2012.11.26"]
[Round "6"]
[White "Harikrishna, SR."]
[Black "Soumya, Swaminathan"]
[Result "0-1"]
[WhiteElo "2006"]
[BlackElo "2251"]
[PlyCount "60"]
[EventDate "2012.11.23"]
[EventType "swiss"]
[EventRounds "11"]
[EventCountry "IND"]
[SourceTitle "CBM 151 Extra"]
[Source "ChessBase"]
[SourceDate "2012.12.18"]
[SourceVersion "1"]
[SourceVersionDate "2012.12.18"]
[SourceQuality "1"]

1. d4 d5 2. c4 c6 3. Nf3 Nf6 4. e3 Bg4 5. Qb3 Qb6 6. Nc3 e6 7. Nh4 Bh5 8. h3 g5 9. Nf3 h6 10. Ne5 Nfd7 11. Nxd7 Nxd7 12. Qxb6 axb6 13. e4 dxe4 14. Nxe4 0-0-0 15. Be2 Bg6 16. Nd2 e5 17. dxe5 Nxe5 18. 0-0 Nd3 19. Bxd3 Bxd3 20. Re1 Bg7 21. a4 Rhe8 22. Rxe8 Rxe8 23. Ra3 Re1+ 24. Kh2 Bc2 25. Ra1 Be5+ 26. g3 Rd1 27. Kg2 h5 28. Kf3 Re1 29. Kg2 g4 30. hxg4 hxg4 0-1

[Event "Commonwealth-ch"]
[Site "Chennai"]
[Date "2012.11.25"]
[Round "5"]
[White "Harikrishna, SR."]
[Black "Narayanan, Srinath"]
[Result "1/2-1/2"]
[WhiteElo "2006"]
[BlackElo "2438"]
[PlyCount "55"]
[EventDate "2012.11.23"]
[EventType "swiss"]
[EventRounds "11"]
[EventCountry "IND"]
[SourceTitle "CBM 151 Extra"]
[Source "ChessBase"]
[SourceDate "2012.12.18"]
[SourceVersion "1"]
[SourceVersionDate "2012.12.18"]
[SourceQuality "1"]

1. d4 Nf6 2. c4 e6 3. g3 c5 4. d5 exd5 5. cxd5 d6 6. Nc3 g6 7. Bg2 Bg7 8. Nf3 0-0 9. 0-0 a6 10. a4 Re8 11. Nd2 Nbd7 12. h3 Rb8 13. Nc4 Ne5 14. Na3 Nh5 15. e4 Bd7 16. a5 Qxa5 17. g4 Nf6 18. f4 Nexg4 19. hxg4 Nxg4 20. f5 h5 21. Bg5 c4 22. f6 Bh8 23. Qd4 Rbc8 24. Nab5 Qb4 25. Ra4 Qb3 26. Ra3 Qb4 27. Ra4 Qb3 28. Ra3 1/2-1/2

[Event "Nagpur op"]
[Site "Nagpur"]
[Date "2012.10.16"]
[Round "1"]
[White "Harikrishna, SR."]
[Black "Laxman, Rajaram"]
[Result "0-1"]
[WhiteElo "1980"]
[BlackElo "2474"]
[PlyCount "136"]
[EventDate "2012.10.16"]
[EventType "swiss"]
[EventRounds "11"]
[EventCountry "IND"]
[SourceTitle "EXT 2013"]
[Source "ChessBase"]
[SourceDate "2012.11.22"]
[SourceVersion "1"]
[SourceVersionDate "2012.11.22"]
[SourceQuality "1"]

1. d4 Nf6 2. c4 e6 3. g3 c5 4. d5 exd5 5. cxd5 d6 6. Nc3 g6 7. Bg2 Bg7 8. Nf3 0-0 9. 0-0 Na6 10. Nd2 Nc7 11. a4 b6 12. Nc4 Ba6 13. Qb3 Bxc4 14. Qxc4 a6 15. Rb1 Nd7 16. Bf4 Ne5 17. Bxe5 Bxe5 18. b4 Qd7 19. bxc5 bxc5 20. Ne4 Rab8 21. Nd2 a5 22. Qc2 Rb4 23. Nc4 Qxa4 24. Qxa4 Rxa4 25. Nxe5 dxe5 26. Rb7 Ne8 27. Rc1 Nf6 28. Rxc5 Ra1+ 29. Bf1 Ne4 30. Rc2 Rd1 31. Rbb2 Rxd5 32. e3 Rfd8 33. Bc4 Rd1+ 34. Kg2 R1d2 35. Kf3 Rxc2 36. Rxc2 Nd2+ 37. Ke2 Nxc4 38. Rxc4 Ra8 39. Ra4 f5 40. e4 Kf7 41. f4 Ke6 42. Ke3 exf4+ 43. Kxf4 fxe4 44. Kxe4 Kd6 45. Kd4 Kc6 46. Kc4 Ra7 47. Kb3 Kb5 48. Re4 Kc5 49. h4 Kd5 50. Rg4 Re7 51. Ra4 Rb7+ 52. Ka3 Ra7 53. Rg4 Ke5 54. Ka4 Ra8 55. Rf4 h6 56. Rc4 g5 57. hxg5 hxg5 58. Rc5+ Kf6 59. g4 Re8 60. Rxa5 Re4+ 61. Kb3 Rxg4 62. Kc3 Re4 63. Kd3 Re1 64. Kd2 Re8 65. Ra3 Kf5 66. Re3 Rxe3 67. Kxe3 Kg4 68. Kf2 Kh3 0-1